Calciatori nazionale italiana con +50 presenze - Statistics

Statistiche generali
  • Questo quiz è stato fatto 74 volte
  • Il punteggio medio è 31 su 56
Statistiche sulle risposte
Presenze Reti Anno esordio Anno ultimo incontro Presenze per club di appartenenza Calciatore % Corretto
176 -146 1997 2018 20   Parma, 156   Juventus Gianluigi Buffon
100%
116 13 2002 2015 74   Milan, 41   Juventus, 1   New York City Andrea Pirlo
94%
117 21 2004 2017 Roma Daniele De Rossi
94%
58 9 1998 2006 Roma Francesco Totti
94%
126 7 1988 2002 Milan Paolo Maldini
94%
91 27 1995 2008 Juventus Alessandro Del Piero
90%
136 2 1997 2010 61   Parma, 19   Inter, 30   Juventus, 26   Real Madrid Fabio Cannavaro
90%
81 -76 2016 2026 33   Milan, 41   Paris Saint-Germain, 7   Manchester City Gianluigi Donnarumma
90%
117 8 2004 2022 5   Fiorentina, 112   Juventus Giorgio Chiellini
89%
121 8 2010 2023 2   Bari, 109   Juventus, 10   Milan Leonardo Bonucci
89%
70 10 2018 2026 7   Cagliari, 63   Inter Nicolò Barella
84%
57 17 2014 2023 7   Torino, 8   Borussia Dortmund, 42   Lazio Ciro Immobile
82%
73 0 2004 2017 23   Palermo, 2   Wolfsburg, 48   Juventus Andrea Barzagli
81%
60 7 1991 1999 1   Inter, 19   Juventus, 40   Parma Dino Baggio
81%
56 27 1988 2004 13   Fiorentina, 31   Juventus, 2   Milan, 6   Bologna, 3   Inter, 1   Brescia Roberto Baggio
81%
78 0 1996 2006 46   Lazio, 32   Milan Alessandro Nesta
76%
112 -83 1968 1983 19   Napoli, 93   Juventus Dino Zoff
76%
57 5 2016 2024 8   Napoli, 38   Chelsea, 11   Arsenal Jorginho
76%
55 3 2012 2023 Paris Saint-Germain Marco Verratti
74%
51 7 2018 2024 19   Fiorentina, 32   Juventus Federico Chiesa
73%
81 1 1982 1994 Milan Franco Baresi
71%
98 2 1999 2010 58   Juventus, 17   Barcellona, 23   Milan Gianluca Zambrotta
71%
81 6 1982 1998 Inter Giuseppe Bergomi
68%
73 1 2000 2010 Milan Gennaro Gattuso
63%
54 10 2012 2022 Napoli Lorenzo Insigne
63%
57 19 2004 2013 6   Parma, 19   Milan, 22   Fiorentina, 8   Bologna, 2   Genoa Alberto Gilardino
60%
57 25 1997 2007 1   Atalanta, 31   Juventus, 25   Milan Filippo Inzaghi
60%
78 2 1975 1986 Juventus Gaetano Scirea
60%
53 33 1930 1939 Inter Giuseppe Meazza
58%
59 2 1991 1998 Milan Alessandro Costacurta
53%
59 16 1985 1992 56   Sampdoria, 3   Juventus Gianluca Vialli
53%
53 5 2019 2025 Napoli Giovanni Di Lorenzo
53%
55 5 2009 2017 Juventus Claudio Marchisio
52%
70 22 1963 1974 Inter Sandro Mazzola
45%
55 5 2003 2010 Juventus Mauro Camoranesi
44%
61 25 1980 1988 Inter Alessandro Altobelli
42%
60 14 1962 1974 Milan Gianni Rivera
42%
58 -21 1986 1992 Inter Walter Zenga
42%
94 3 1963 1977 Inter Giacinto Facchetti
40%
81 6 1976 1985 80   Juventus, 1   Inter Marco Tardelli
40%
73 9 1978 1987 Juventus Antonio Cabrini
37%
73 7 1974 1983 Fiorentina Giancarlo Antognoni
37%
64 23 1975 1983 47   Torino, 17   Fiorentina Francesco Graziani
35%
66 2 2007 2017 37   Fiorentina, 29   Milan Riccardo Montolivo
34%
54 7 2009 2018 2   Livorno, 38   Lazio, 14   Inter Antonio Candreva
29%
79 3 1991 2002 Milan Demetrio Albertini
27%
71 1 1975 1984 Juventus Claudio Gentile
24%
63 6 1972 1983 57   Juventus, 6   Udinese Franco Causio
24%
57 4 1994 2008 4   Milan, 13   Real Madrid, 4   Inter, 36   Roma Christian Panucci
21%
63 5 1986 1996 59   Milan, 4   N.Y./N.J. MetroStars Roberto Donadoni
21%
54 1 1986 1992 5   Avellino, 49   Napoli Fernando De Napoli
15%
50 3 1979 1986 33   Milan, 17   Inter Fulvio Collovati
13%
66 2 1963 1974 Inter Tarcisio Burgnich
11%
55 2 1971 1980 22   Juventus, 29   Milan, 4   Roma Romeo Benetti
3%
52 0 1920 1934 10   Pro Vercelli, 42   Juventus Virginio Rosetta
2%
59 0 1922 1934 37   Casale, 22   Juventus Umberto Caligaris
0%
Nessun quiz corrispondente trovato
Distribuzione punteggi
Percentuale di utenti per punteggio
Percentile per numero di risposta
I tuoi punteggi nel tempo
Non hai fatto questo quiz